Modelovanie a simulácia katalytického reaktora

Uložené v:
Podrobná bibliografia
Hlavný autor: Laššák, Pavol
Médium: Kniha
Jazyk:Slovak
Vydavateľské údaje: Bratislava STU FCHPT 2006
On-line prístup:View in OPAC
Tagy: Pridať tag
Žiadne tagy, Buďte prvý, kto otaguje tento záznam!

MARC

LEADER 00000nam a2200000 a 4500
005 20260127134054.0
008 060607 2006 xo 000 0 slo d
035 |a vtls008774230 
039 9 |a 200606191058  |b mschk03  |y 200606191035  |z mschk03 
040 |a STUSCHK1  |b slo  |c STUSCHK1  |e AACR2 
100 1 |a Laššák, Pavol 
245 1 |a Modelovanie a simulácia katalytického reaktora 
260 |a Bratislava  |b STU FCHPT  |c 2006 
300 |a 53 s.  |b obr.,tab.,grafy, lit.,príloha + CD-ROM 
500 |a Obháj.: 6.6. 2006 
500 |a Špec.: Chemické inžinierstvo 
500 |a Ústav chemického a environmentálneho inžinierstva 
910 |a SCHK95 
999 |c 3443  |d 3443